000
00288 a2200109 4500
000
nam a22 7a 4500
020
_a
9780128006450
100
_a
Pharr, Matt
245
_a
Physically based rendering : from theory to implementation
250
_a
Third edition.
260
_b
Elsevier,
_c
2017
999
_c
85586
_d
85586